[Event "CAMPEONATO ESPAÑA EQUIPOS - CEBLUB PRIME"]
[Site "Barbera del Valles"]
[Date "2009.08.15"]
[Round "3"]
[White "BARON ISANTA, Jose Maria"]
[Black "ANTON GUIJARRO, David"]
[Result "1-0"]
[WhiteElo "2355"]
[BlackElo "2265"]
[PlyCount "139"]
[EventDate "2009.08.13"]
[EventType "team"]
[EventRounds "3"]
[EventCountry "ESP"]
[WhiteTeam "C. E. CERDANYOLA DEL VALLES"]
[BlackTeam "AFRONTA CONSULTORIA - V. ATOCHA"]

1. e4 e6 2. d4 d5 3. Nd2 Nf6 4. e5 Nfd7 5. Bd3 c5 6. c3 Nc6 7. Ne2 cxd4 8. cxd4
f6 9. exf6 Nxf6 10. Nf3 Qc7 11. Bf4 Bb4+ 12. Nd2 Qb6 13. a3 Be7 14. Qb3 O-O 15.
Qxb6 axb6 16. O-O Ne8 17. Nf3 Nd6 18. Rac1 Bd7 19. Ne5 Be8 20. Be3 Nf5 21. Bxf5
Rxf5 22. f4 Rf8 23. g4 Bd6 24. Nc3 g6 25. Kg2 Na5 26. Rc2 b5 27. Na2 Nc4 28.
Bd2 Bb8 29. Nc1 Bc6 30. Ncd3 Ba7 31. Nf3 Rac8 32. Re1 Bd7 33. Re2 Nxd2 34.
Rexd2 Bc6 35. Kg3 Rf6 36. Re2 Re8 37. h4 Bd7 38. Re3 Ref8 39. g5 Rf5 40. Re5
R5f7 41. Rc7 Bc6 42. Rxf7 Kxf7 43. Re2 Ke7 44. Rc2 Kd6 45. Kg4 Bb6 46. Nde5 Ra8
47. Nf7+ Ke7 48. N7e5 Kd6 49. Nf7+ Ke7 50. N7e5 Kd6 51. h5 Be8 52. h6 Bc6 53.
Nf7+ Ke7 54. N7e5 Kd6 55. Nf7+ Ke7 56. N7e5 Kd6 57. Kg3 Rf8 58. Rh2 Be8 59. Rh4
Ba5 60. Nd3 Bb6 61. Kf2 Bc6 62. Ke3 Be8 63. Rh2 Bc6 64. Nfe5 Be8 65. Ng4 Bd8
66. Nde5 Bc6 67. Rc2 Be7 68. Nxg6 hxg6 69. Ne5 Bf6 70. gxf6 1-0